Colors in 1 Minute - Statistics

General Stats
  • This quiz has been taken 69 times
  • The average score is 12 of 12
Answer Stats
Color Hint Answer % Correct
ABC B____ Black
100%
ABC B___ Blue
100%
ABC G____ Green
100%
ABC O_____ Orange
100%
ABC R__ Red
100%
ABC W____ White
100%
ABC Y_____ Yellow
100%
ABC B____ Brown
98%
ABC G___ Gray
98%
ABC V_____ Violet
97%
ABC P___ Pink
95%
ABC I_____ Indigo
94%
No matching quizzes found
Score Distribution
Percent of People with Each Score
Percentile by Number Answered
Your Score History
You have not taken this quiz